Most populous islands of Indonesia - Statistics

General Stats
  • This quiz has been taken 68 times
  • The average score is 10 of 20
Answer Stats
Population Answer % Correct
150 million Java
100%
60 million Sumatra
90%
4 million Bali
81%
21million Sulawesi
81%
4 Million New Guinea
74%
2 million West Timor
71%
1 million Flores
55%
449 thousand Halmahera
42%
18 Million Kalimantan
42%
685 thousand Sumba
42%
1 million Sumbawa
42%
3 million Lombok
39%
3 million Madura
35%
960 thousand Bangka island
32%
1 million Batam
32%
434 thousand Seram
32%
788 thousand Nias
26%
441 thousand Ambon Island
23%
447 thousand Buton
19%
329 thousand Bintan
6%
No matching quizzes found
Score Distribution
Percent of People with Each Score
Percentile by Number Answered
Your Score History
You have not taken this quiz